<?xml version="1.0" encoding="UTF-8"?>
<collection xmlns="http://www.loc.gov/MARC21/slim">
 <record>
  <leader>00758ntm a2200157 i 4500</leader>
  <controlfield tag="001">misc70923</controlfield>
  <controlfield tag="005">20220720093630.0</controlfield>
  <controlfield tag="008">220720suuuu    hu      o     0||   hun d</controlfield>
  <datafield tag="040" ind1=" " ind2=" ">
   <subfield code="a">SZTE Miscellanea Repozitórium</subfield>
   <subfield code="b">hun</subfield>
  </datafield>
  <datafield tag="041" ind1=" " ind2=" ">
   <subfield code="a">hun</subfield>
  </datafield>
  <datafield tag="100" ind1="1" ind2=" ">
   <subfield code="a">Márki Sándor</subfield>
  </datafield>
  <datafield tag="245" ind1="1" ind2="0">
   <subfield code="a">Márki Sándor adatgyűjtése az I. világháborúban részt vett kolozsvári egyetemi hallgatókról, alkalmazottakról. Joghallgatók J.</subfield>
   <subfield code="h">[elektronikus dokumentum] /</subfield>
   <subfield code="c"> Márki Sándor</subfield>
  </datafield>
  <datafield tag="300" ind1=" " ind2=" ">
   <subfield code="a">48 fol.</subfield>
   <subfield code="c">különb. nagys.</subfield>
  </datafield>
  <datafield tag="561" ind1=" " ind2=" ">
   <subfield code="a">Márki Sándor I. világháborús gyűjtemény</subfield>
  </datafield>
  <datafield tag="695" ind1=" " ind2=" ">
   <subfield code="a">Hadtörténet - 1914/1918 - forrás, I. világháború, Kolozsvári Ferenc József Tudományegyetem története</subfield>
  </datafield>
  <datafield tag="856" ind1="4" ind2="0">
   <subfield code="u">http://misc.bibl.u-szeged.hu/70923/1/ms_174_08_j.pdf</subfield>
   <subfield code="z">Dokumentum-elérés </subfield>
  </datafield>
 </record>
</collection>
